Risk appraisal and valuation manual

Bibliographic Details
Format: Book
Published: London : RICS , 1995
Subjects:

MARC

LEADER 00000cam a2200000 7i4500
001 0000003618
005 20050426.0
020 |a 0854066993 
040 |a INS 
090 0 0 |a RHD65.   |b A63 1995 
245 1 0 |a Risk appraisal and valuation manual 
260 |a London :   |b RICS ,   |c 1995 
650 0 0 |a Real property   |x Valuation   |x Handbooks manual etc. 
650 0 0 |a Valuation   |x Handbooks, manual etc. 
999 |a 0000006995   |b BOOK   |c Reference   |e Default branch